Statistiques concernant GOSSIP GIRL PERSONNAGES

Cliquez ici pour prendre le quiz!

Statistiques générales

  • Ce quiz a été pris 2 808 fois
  • Le résultat moyen est 18 sur 51

Statistiques - réponses

HintRéponse% Correct
WaldorfBlair
100%
BassChuck
98%
HumphreyDan
97%
Van der WoodsenSerena
97%
ArchibaldNate
95%
Lilly
87%
Jenny
84%
AbramsVanessa
78%
Rufus
74%
Bart
70%
Eric
70%
SparksGeorgina
69%
BaizenCarter
54%
GrimaldiLouis
49%
DickensIvy
47%
Eleanore
40%
Jack
40%
KishlovskyDorota
35%
YukiNelly
35%
RoseCyrus
34%
CharpJuliet
34%
William
30%
DalgaardDamien
29%
DonovanBen
25%
PayneDiana
23%
Lola
23%
Carol
21%
Alisson
19%
Aaron
18%
ShafaiPenelope
18%
LiftonPoppy
17%
RhodesCelia
15%
BurkeOlivia
15%
Harold
14%
ThorpeRaina
13%
Anne
12%
CoupeauEva
12%
ForresterColin
10%
Henry
10%
Russell
9%
RossonScott
8%
Beatrice
7%
Howard
7%
CoatesIsabel
5%
Sophie
5%
Catherine
4%
EdwardsGabriel
4%
FarkasKati
4%
BeatonMarcus
3%
SpenceSteven
3%
Paiges
1%

Distribution des résultats

Percentile par nombre de réponses

% des personnes avec chaque résultat

Votre développement - résultats

Vous n’avez pas pris ce quiz